Spatial Variations in Unemployment Across the Slovak Districts: A GWR Approach
Analýza priestorových rozdielov v miere nezamestnanosti v roku 2013 v 79 slovenských okresoch. Tradičný globálny prístup. Prístup geografickej váženej regresie (GWR) zohľadňujúci priestorovú heterogenitu analyzovaných regiónov.
Gespeichert in:
| 1. Verfasser: | |
|---|---|
| Format: | Buchkapitel |
| Sprache: | Englisch |
| Schlagworte: | |
| Tags: |
Keine Tags, Fügen Sie das erste Tag hinzu!
|
MARC
| LEADER | 00000naa$a2200000$$$4500 | ||
|---|---|---|---|
| 001 | 0268369 | ||
| 005 | 20240502083804.6 | ||
| 041 | 0 | |a eng | |
| 044 | |a CZ | ||
| 245 | 1 | 0 | |a Spatial Variations in Unemployment Across the Slovak Districts: A GWR Approach |c Michaela Chocholatá |
| 520 | |a Analýza priestorových rozdielov v miere nezamestnanosti v roku 2013 v 79 slovenských okresoch. Tradičný globálny prístup. Prístup geografickej váženej regresie (GWR) zohľadňujúci priestorovú heterogenitu analyzovaných regiónov. | ||
| 610 | 2 | 0 | |a nezamestnanosť |
| 610 | 2 | 0 | |a okresy |
| 610 | 2 | 0 | |a regresia |
| 610 | 2 | 0 | |a Slovensko |
| 610 | 2 | 0 | |a regióny |
| 100 | 1 | |a Chocholatá, Michaela, 1977- | |